000 00718nam a2200217Ii 4500
003 JO-AjNU
008 230605s9999||||xx |||||||||||||| ||und||
017 _a2013/6/1852
020 _a978-9957-49-072
040 _aJO-AjNU
_bara
_erda
_cJO-AjNU
041 _aara
050 1 4 _aPJ7846.I63.J3 2013
100 3 _aبقلم مقدادي، عيسى,
_eauthor
_949014
245 0 0 _aمن ذاكرة الماضي
264 3 1 _aعمان: وزارة الثقافة، 2013
300 _a243ص
_bيشتمل على ملاحق
336 _atext
_btxt
_2rdacontent
337 _aunmediated
_bn
_2rdamedia
338 _avolume
_bnc
_2rdacarrier
650 4 _aالعصر الحديث - الشعر العربي الحديث
_949015
999 _aA21502
_c25070
_d25070